Normal view
MARC view
Entry Nombre personal
001 - NÚMERO DE CONTROL
- campo de control: 1804
003 - IDENTIFICADOR DEL NÚMERO DE CONTROL
- campo de control: BNPHU
005 - FECHA Y HORA DE LA ÚLTIMA TRANSACCIÓN
- campo de control: 20240305135409.0
008 - DATOS DE LONGITUD FIJA
- campo de control de longitud fija: 200615|| aca||aabn | a|a d
040 ## - FUENTE DE LA CATALOGACIÓN
- Centro catalogador/agencia de origen: DO-SdBNP
- Lengua de catalogación: spa
- Centro/agencia transcriptor: BNPHU
- Normas de descripción: rda
100 1# - ENCABEZAMIENTO-NOMBRE DE PERSONA
- Nombre de persona: García Márquez, Gabriel,
- Numeración: 1928-2014
370 ## - LUGAR ASOCIADO
- Lugar de nacimiento: Aracataca (Colombia) |
- Lugar de fallecimiento: Mexico Ciudad (Mexico)
- País asociado: Colombia
- País asociado: México
374 ## - OCUPACIÓN
- Ocupación: Escritor
- Ocupación: Novelista
- Ocupación: Periodista
377 ## - LENGUA/LENGUAJE ASOCIADO
- Código del idioma: spa
378 ## - FORMA COMPLETA/DESARROLLADA DEL NOMBRE
- Forma completa/desarrollada del nombre: Gabriel José de la Concordia
400 1# - TRAZADO DE VÉASE--NOMBRE DE PERSONA
- Nombre de persona: Garcia M., Gabriel
- Fechas asociadas al nombre: 1928-2014
400 1# - TRAZADO DE VÉASE--NOMBRE DE PERSONA
- Nombre de persona: García Márquez, G.
400 0# - TRAZADO DE VÉASE--NOMBRE DE PERSONA
- Nombre de persona: Gabo
670 ## - FUENTE DE DATOS ENCONTRADOS
- Cita de la fuente: Work cat.: (OSt)544: Pérez Espinal, Ivelisse 1803, Todo acerca de Gabriel García Márquez /, 2007.
